| 000 | 00420nam a2200157Ia 4500 | ||
|---|---|---|---|
| 003 | GCL | ||
| 008 | 140319s9999 xx 000 0 eng d | ||
| 040 |
_aGCL / _cGCL |
||
| 082 | 0 | 4 |
_a016 _bR E |
| 245 | 1 | 0 | _aESSAI BIBLIOGRAPHIQUE DE DIPLOMATIQUE ISLAMIQUE |
| 260 |
_a[S.N] : _bBEIRUT ARAB UNIVERSITY ، _c1979 |
||
| 300 | _a370 P | ||
| 490 |
_aBEIRUT ARAB UNIVERSITY _v0 |
||
| 650 | 0 | 4 | _aRONCAGLIA, M.P. |
| 942 |
_2ddc _cBK |
||
| 999 |
_c19663 _d19663 |
||